[Event "BL 0304 SV Werder Bremen - SK König Pla"]
[Site "?"]
[Date "2004.03.08"]
[Round "11.8"]
[White "Meins, Gerlef"]
[Black "Espig, Thomas"]
[Result "1/2-1/2"]
[WhiteElo "2454"]
[BlackElo "2300"]
[PlyCount "64"]
[EventDate "2004.??.??"]

1. d4 g6 2. e4 Bg7 3. c4 d6 4. Nc3 Nc6 5. d5 Nd4 6. Be3 c5 7. Nge2 Qb6 8. Qd2
e5 9. dxe6 fxe6 10. O-O-O e5 11. Nd5 Qc6 12. Nec3 Be6 13. Kb1 Qd7 14. Bg5 h6
15. Be3 O-O-O 16. Bxd4 exd4 17. Nb5 b6 18. Qc2 Kb7 19. a4 Ne7 20. Nbc7 Nc6 21.
Nxe6 Qxe6 22. Bd3 g5 23. h4 Rdf8 24. f3 Be5 25. Qf2 Qg6 26. h5 Qe8 27. b3 Rh7
28. Rdf1 Rhf7 29. Qe2 Nd8 30. Kc2 Nc6 31. Kb1 Nd8 32. Kc2 Nc6 1/2-1/2

[Event "BL 0304 Bremer SG - TV Tegernsee"]
[Site "?"]
[Date "2004.03.08"]
[Round "11.1"]
[White "Khenkin, Igor"]
[Black "Sakaev, Konstantin"]
[Result "1/2-1/2"]
[WhiteElo "2627"]
[BlackElo "2657"]
[PlyCount "35"]
[EventDate "2004.??.??"]

1. d4 d5 2. c4 c6 3. Nf3 Nf6 4. Nc3 a6 5. cxd5 cxd5 6. Bf4 Nc6 7. Rc1 Ne4 8.
Ne5 Nxc3 9. Rxc3 Bd7 10. Qb3 f6 11. Nxc6 Bxc6 12. e3 e6 13. Bd3 Be7 14. O-O Kf7
15. Rfc1 Qd7 16. a3 Rhc8 17. Qd1 g6 18. Qe2 1/2-1/2

[Event "BL 0304 Bremer SG - TV Tegernsee"]
[Site "?"]
[Date "2004.03.08"]
[Round "11.2"]
[White "Bacrot, Etienne"]
[Black "Sokolov, Andrei"]
[Result "1/2-1/2"]
[WhiteElo "2664"]
[BlackElo "2584"]
[PlyCount "94"]
[EventDate "2004.??.??"]

1. d4 Nf6 2. c4 e6 3. Nc3 Bb4 4. Nf3 c5 5. g3 Ne4 6. Qd3 Qa5 7. Qxe4 Bxc3+ 8.
Bd2 Bxd2+ 9. Nxd2 Nc6 10. dxc5 b6 11. Bg2 Bb7 12. Qf4 bxc5 13. O-O Nd4 14. Qg5
Nxe2+ 15. Kh1 Bxg2+ 16. Kxg2 O-O 17. Nb3 Qb4 18. Qxc5 Qxc5 19. Nxc5 Rfc8 20.
Nb3 Rxc4 21. Rfd1 Rc2 22. Rab1 e5 23. Rxd7 h6 24. Kf1 Nd4 25. Nxd4 exd4 26.
Rxd4 Rb8 27. a4 Rbxb2 28. Rxb2 Rxb2 29. Rd7 Ra2 30. Rxa7 g5 31. a5 g4 32. a6
Kg7 33. Ra8 Kg6 34. Ke1 Kg7 35. Kf1 Kg6 36. Kg2 Kg7 37. a7 Kh7 38. h3 gxh3+ 39.
Kxh3 Ra4 40. f4 Kg7 41. f5 h5 42. Kg2 Ra5 43. Kh2 Ra2+ 44. Kg1 Kf6 45. Rh8 Rxa7
46. Rxh5 Ra5 47. Rh8 Rxf5 1/2-1/2

[Event "BL 0304 Bremer SG - TV Tegernsee"]
[Site "?"]
[Date "2004.03.08"]
[Round "11.3"]
[White "Ribli, Zoltan"]
[Black "Agrest, Evgenij"]
[Result "1/2-1/2"]
[WhiteElo "2593"]
[BlackElo "2605"]
[PlyCount "57"]
[EventDate "2004.??.??"]

1. Nf3 d5 2. d4 Nf6 3. c4 c6 4. e3 a6 5. Bd3 Bg4 6. Nbd2 Nbd7 7. h3 Bh5 8. cxd5
cxd5 9. g4 Bg6 10. Bxg6 hxg6 11. g5 Nh7 12. Qb3 e6 13. Qxb7 Be7 14. Nb3 a5 15.
Bd2 a4 16. Nc5 Nxc5 17. dxc5 O-O 18. Rc1 Nxg5 19. Nxg5 Bxg5 20. c6 Qf6 21. c7
Rac8 22. Ke2 d4 23. Rhf1 e5 24. Qd5 Rfe8 25. Rc6 Qf5 26. Rg1 Bf6 27. e4 Qh5+
28. Ke1 Rf8 29. Rg3 1/2-1/2

[Event "BL 0304 Bremer SG - TV Tegernsee"]
[Site "?"]
[Date "2004.03.08"]
[Round "11.4"]
[White "Baburin, Alexander"]
[Black "Bischoff, Klaus"]
[Result "1-0"]
[WhiteElo "2541"]
[BlackElo "2564"]
[PlyCount "137"]
[EventDate "2004.??.??"]

1. d4 g6 2. Nf3 Bg7 3. c4 d6 4. g3 c5 5. d5 Na6 6. Bg2 Nc7 7. Nc3 f5 8. Qc2 Nf6
9. O-O O-O 10. Bg5 h6 11. Bd2 Nh5 12. e3 Qe8 13. Rab1 b6 14. Rfe1 g5 15. h3 Qf7
16. Ne2 e5 17. dxe6 Bxe6 18. b3 Rad8 19. Bc3 Nf6 20. Rbd1 Rfe8 21. Bb2 a6 22.
Nc3 b5 23. Nd2 Nd7 24. a4 b4 25. Nd5 Bxd5 26. cxd5 Bxb2 27. Qxb2 Ne5 28. Qc2 f4
29. exf4 gxf4 30. Nc4 Nxc4 31. Qxc4 Rxe1+ 32. Rxe1 Rf8 33. Re4 fxg3 34. fxg3
Qf2+ 35. Kh2 Rf7 36. Rh4 Rg7 37. Qd3 Qf6 38. Qe3 Qg5 39. Qxg5 hxg5 40. Rh6 Rd7
41. Rg6+ Kf7 42. Rxg5 Re7 43. Bf1 Kf6 44. h4 Re5 45. Rg8 a5 46. g4 Nxd5 47. g5+
Kf7 48. Ra8 Ne3 49. Bd3 d5 50. Rxa5 c4 51. bxc4 dxc4 52. Rxe5 Ng4+ 53. Kg3 Nxe5
54. Be4 b3 55. a5 Ke7 56. a6 Nd3 57. a7 b2 58. a8=Q b1=Q 59. Qa7+ Kf8 60. Qa3+
Qb4 61. Qa8+ Ke7 62. Qa7+ Kf8 63. Qe3 Qd6+ 64. Kf3 Ne5+ 65. Ke2 Nf7 66. g6 Ne5
67. Qh6+ Ke7 68. Qh7+ Kf6 69. g7 1-0

[Event "BL 0304 Bremer SG - TV Tegernsee"]
[Site "?"]
[Date "2004.03.08"]
[Round "11.5"]
[White "Boensch, Uwe"]
[Black "Fish, Gannadij"]
[Result "1/2-1/2"]
[WhiteElo "2545"]
[BlackElo "2509"]
[PlyCount "120"]
[EventDate "2004.??.??"]

1. d4 Nf6 2. c4 e6 3. Nf3 b6 4. g3 Ba6 5. Nbd2 Bb4 6. Qc2 Bb7 7. Bg2 Be4 8. Qd1
Bxd2+ 9. Qxd2 d6 10. O-O O-O 11. b3 Nbd7 12. Bb2 Qe7 13. Rfe1 Rfd8 14. Bh3 c5
15. Rad1 d5 16. cxd5 Bxd5 17. Qf4 Ne4 18. dxc5 Ndxc5 19. Nd2 f6 20. Nxe4 Nxe4
21. Qe3 Ng5 22. Bf1 e5 23. Rd2 Bb7 24. Red1 Ne4 25. Rd3 Rxd3 26. Rxd3 Rd8 27.
Rxd8+ Qxd8 28. f3 Nc5 29. Kf2 Qd5 30. Bh3 Kf7 31. Bc3 Ne6 32. Bf5 Qc5 33. Qxc5
Nxc5 34. h4 g6 35. Bc2 a5 36. g4 Ke6 37. h5 f5 38. h6 Bd5 39. Kg3 Kf6 40. gxf5
gxf5 41. Kh4 Ne6 42. Kg3 Ng5 43. Bd3 Ke6 44. Kh4 Nf7 45. Bd2 e4 46. fxe4 fxe4
47. Ba6 Nd6 48. Kg5 a4 49. bxa4 Bxa2 50. Kf4 Bb3 51. Be3 Bxa4 52. Bxb6 Bb5 53.
Bxb5 Nxb5 54. Kxe4 Nd6+ 55. Kf3 Nf5 56. Be3 Kf6 57. Bc1 Kg6 58. Kg4 Nxh6+ 59.
Bxh6 Kxh6 60. Kf5 Kg7 1/2-1/2

[Event "BL 0304 Bremer SG - TV Tegernsee"]
[Site "?"]
[Date "2004.03.08"]
[Round "11.6"]
[White "Gisbrecht, Ewgeni"]
[Black "Beim, Valery"]
[Result "1/2-1/2"]
[WhiteElo "2441"]
[BlackElo "2518"]
[PlyCount "30"]
[EventDate "2004.??.??"]

1. Nf3 d6 2. d4 f5 3. g3 Nf6 4. Bg2 g6 5. c4 Bg7 6. O-O O-O 7. Nc3 c6 8. d5 Bd7
9. Rb1 Na6 10. dxc6 bxc6 11. b4 Rb8 12. a3 Nc7 13. Bb2 a5 14. Ba1 axb4 15. axb4
Ne6 1/2-1/2

[Event "BL 0304 Bremer SG - TV Tegernsee"]
[Site "?"]
[Date "2004.03.08"]
[Round "11.7"]
[White "Hertneck, Gerald"]
[Black "Breutigam, Martin"]
[Result "1/2-1/2"]
[WhiteElo "2524"]
[BlackElo "2409"]
[PlyCount "75"]
[EventDate "2004.??.??"]

1. d4 d5 2. c4 e6 3. Nf3 c5 4. cxd5 exd5 5. g3 Nf6 6. Bg2 Be7 7. O-O O-O 8. Nc3
Nc6 9. Bg5 c4 10. Ne5 Be6 11. e3 Nd7 12. Bxe7 Nxe7 13. b3 Nxe5 14. dxe5 Qa5 15.
Qd2 Rfd8 16. Rfd1 Nc6 17. Ne2 Qxd2 18. Rxd2 Nxe5 19. Nf4 Rac8 20. bxc4 dxc4 21.
Rxd8+ Rxd8 22. Nxe6 fxe6 23. Bxb7 Rd2 24. Rc1 Rxa2 25. f4 Ng4 26. Bf3 Nxh2 27.
Bd1 Rd2 28. Rxc4 Rxd1+ 29. Kxh2 Rd7 30. Ra4 Kf7 31. Ra6 Re7 32. e4 Ke8 33. Rd6
e5 34. f5 Rd7 35. Re6+ Re7 36. Rd6 Rd7 37. Re6+ Re7 38. Rd6 1/2-1/2

[Event "BL 0304 Bremer SG - TV Tegernsee"]
[Site "?"]
[Date "2004.03.08"]
[Round "11.8"]
[White "Borik, Otto"]
[Black "Teske, Henrik"]
[Result "0-1"]
[WhiteElo "2429"]
[BlackElo "2518"]
[PlyCount "60"]
[EventDate "2004.??.??"]

1. Nf3 c5 2. b3 Nf6 3. Bb2 Nc6 4. c4 e6 5. g3 d5 6. cxd5 exd5 7. Bg2 Bg4 8. O-O
Bd6 9. d4 O-O 10. dxc5 Bxc5 11. Nc3 a6 12. Rc1 Ba7 13. Na4 Re8 14. h3 Bh5 15.
e3 Ne4 16. g4 Bg6 17. Nd4 Rc8 18. Nxc6 Rxc6 19. Rxc6 bxc6 20. Bd4 c5 21. Ba1 d4
22. f3 Ng3 23. Re1 d3 24. Qd2 c4 25. Qc3 f6 26. Qxc4+ Bf7 27. Qxa6 d2 28. Rd1
Bxe3+ 29. Kh2 Qb8 30. f4 Qxf4 0-1

[Event "BL 0304 SC Kreuzberg - Solinger SG"]
[Site "?"]
[Date "2004.03.08"]
[Round "11.2"]
[White "Nisipeanu, Liviu-Dieter"]
[Black "Jussupow, Artur"]
[Result "1-0"]
[WhiteElo "2675"]
[BlackElo "2589"]
[PlyCount "61"]
[EventDate "2004.??.??"]

1. e4 e6 2. d4 d5 3. Nd2 Nf6 4. e5 Nfd7 5. Bd3 c5 6. c3 b6 7. Ne2 Ba6 8. Bxa6
Nxa6 9. Nf3 b5 10. O-O Nb6 11. a4 c4 12. axb5 Nc7 13. Ra5 Qd7 14. Nf4 g6 15. h4
Nxb5 16. h5 O-O-O 17. Ng5 Bh6 18. Nfh3 Rdf8 19. Nxe6 fxe6 20. Bxh6 Rf5 21. Ng5
Kb7 22. g4 Rxg5 23. Bxg5 gxh5 24. Bf6 Rg8 25. g5 Qe8 26. Qc2 Rg6 27. Rfa1 Na8
28. Qa4 Nac7 29. Rxa7+ Nxa7 30. Qxa7+ Kc8 31. Qc5 1-0

[Event "BL 0304 SC Kreuzberg - Solinger SG"]
[Site "?"]
[Date "2004.03.08"]
[Round "11.3"]
[White "Gabriel, Christian"]
[Black "Maiwald, Jens-Uwe"]
[Result "0-1"]
[WhiteElo "2560"]
[BlackElo "2543"]
[PlyCount "74"]
[EventDate "2004.??.??"]

1. d4 Nf6 2. c4 g6 3. Nc3 Bg7 4. e4 d6 5. Nf3 O-O 6. Be2 e5 7. d5 Na6 8. Nd2
Ne8 9. a3 f5 10. b4 c5 11. dxc6 bxc6 12. Nb3 Nf6 13. Bg5 Nc7 14. O-O Ne6 15.
Bxf6 Bxf6 16. Bf3 Ng5 17. Rc1 Qc7 18. c5 dxc5 19. Nxc5 Nxf3+ 20. Qxf3 Rb8 21.
Nb3 Bg5 22. Rcd1 Kh8 23. Qe2 Be7 24. exf5 gxf5 25. Qc4 Bd6 26. Rd2 e4 27. g3
Be5 28. Ne2 f4 29. Qxe4 Bf5 30. Qc4 fxg3 31. fxg3 Bh3 32. Re1 Rf6 33. Qh4 Be6
34. Nc5 Bd5 35. Nd4 Rbf8 36. Rc1 Rf4 37. gxf4 Bxd4+ 0-1

[Event "BL 0304 SC Kreuzberg - Solinger SG"]
[Site "?"]
[Date "2004.03.08"]
[Round "11.4"]
[White "Tischbierek, Raj"]
[Black "Sadler, Matthew"]
[Result "0-1"]
[WhiteElo "2519"]
[BlackElo "2626"]
[PlyCount "72"]
[EventDate "2004.??.??"]

1. e4 e6 2. d4 d5 3. Nc3 Nf6 4. Bg5 dxe4 5. Nxe4 Be7 6. Bxf6 Bxf6 7. Nf3 Nd7 8.
Bc4 O-O 9. Qe2 a6 10. O-O-O b5 11. Bb3 Bb7 12. Ne5 Bxe5 13. dxe5 Qe7 14. f4
Bxe4 15. Qxe4 Nc5 16. Qe3 a5 17. c3 Nxb3+ 18. axb3 a4 19. b4 a3 20. Kb1 Rfc8
21. Rd3 c5 22. Qd2 cxb4 23. cxb4 axb2 24. Rd7 Qf8 25. Kxb2 Ra4 26. Rd6 Rca8 27.
Qc3 Ra2+ 28. Kb1 Rxg2 29. Rhd1 g6 30. R1d2 Rxd2 31. Qxd2 Qb8 32. Qd4 Qc7 33.
Rd7 Qc6 34. Rd8+ Kg7 35. Rxa8 Qxa8 36. Qd2 Qa3 0-1

[Event "BL 0304 SC Kreuzberg - Solinger SG"]
[Site "?"]
[Date "2004.03.08"]
[Round "11.5"]
[White "Werle, Jan"]
[Black "Lau, Ralf"]
[Result "0-1"]
[WhiteElo "2409"]
[BlackElo "2503"]
[PlyCount "70"]
[EventDate "2004.??.??"]

1. Nf3 Nf6 2. c4 e6 3. Nc3 d5 4. d4 Be7 5. Bg5 h6 6. Bh4 O-O 7. e3 b6 8. Bxf6
Bxf6 9. cxd5 exd5 10. Be2 Bb7 11. Rc1 a5 12. O-O c6 13. e4 dxe4 14. Nxe4 Nd7
15. Nd6 Qb8 16. Nxb7 Qxb7 17. Qc2 Rac8 18. Rfd1 c5 19. d5 Rcd8 20. Qf5 Bxb2 21.
Rb1 g6 22. Qf4 Bg7 23. Bb5 Nf6 24. Bc6 Nxd5 25. Bxb7 Nxf4 26. Rxd8 Rxd8 27. g3
Ne2+ 28. Kf1 Nc3 29. Rxb6 Rb8 30. a3 c4 31. Nd2 Na4 32. Rb5 c3 33. Nb3 c2 34.
Ba6 Rxb5 35. Bxb5 Nc5 0-1

[Event "BL 0304 SC Kreuzberg - Solinger SG"]
[Site "?"]
[Date "2004.03.08"]
[Round "11.6"]
[White "Kalinitschew, Sergey"]
[Black "Hoffmann, Michael"]
[Result "1/2-1/2"]
[WhiteElo "2519"]
[BlackElo "2430"]
[PlyCount "64"]
[EventDate "2004.??.??"]

1. Nf3 Nf6 2. c4 c5 3. Nc3 e6 4. e3 d5 5. d4 cxd4 6. exd4 Bb4 7. Bd3 dxc4 8.
Bxc4 O-O 9. O-O b6 10. Bg5 Bb7 11. Re1 Nbd7 12. Rc1 Rc8 13. Qb3 Bxc3 14. Rxc3
Qe8 15. Ne5 Nxe5 16. dxe5 Ne4 17. Bb5 Rxc3 18. bxc3 Qa8 19. Be7 Rc8 20. Re3 Bc6
21. Ba6 Rc7 22. Qb4 Rd7 23. Rd3 Qe8 24. Rxd7 Qxd7 25. Bd6 f6 26. f3 Nxd6 27.
exd6 Kf7 28. c4 Bb7 29. Bb5 Bc6 30. Ba6 Bb7 31. Bb5 Bc6 32. Ba6 Bb7 1/2-1/2

[Event "BL 0304 SC Kreuzberg - Solinger SG"]
[Site "?"]
[Date "2004.03.08"]
[Round "11.7"]
[White "Emms, John M"]
[Black "Volke, Karsten"]
[Result "1-0"]
[WhiteElo "2520"]
[BlackElo "2467"]
[PlyCount "97"]
[EventDate "2004.??.??"]

1. e4 e5 2. Nf3 Nc6 3. Bc4 Bc5 4. c3 Nf6 5. d3 d6 6. Bb3 Bb6 7. O-O h6 8. Nbd2
a6 9. Re1 Qe7 10. Nf1 Be6 11. Ng3 O-O-O 12. d4 Bg4 13. d5 Nb8 14. h3 Bxf3 15.
Qxf3 g6 16. Bc2 Nbd7 17. b4 Nh7 18. a4 Qf6 19. Qe2 Qh4 20. a5 Ba7 21. Be3 Bxe3
22. Qxe3 Kb8 23. c4 f5 24. exf5 gxf5 25. Bxf5 Qxc4 26. Bxh7 Rxh7 27. Qe4 Qxe4
28. Nxe4 Rf8 29. Ra3 Nf6 30. Rf3 Rhf7 31. Nxf6 Rxf6 32. Rxf6 Rxf6 33. Re4 c6
34. dxc6 bxc6 35. Rg4 d5 36. g3 c5 37. bxc5 Kc7 38. h4 d4 39. Re4 Re6 40. f4
Rg6 41. Kf2 exf4 42. Rxf4 Rc6 43. Rf7+ Kd8 44. Rf5 Ke7 45. Re5+ Kf7 46. g4 Rc8
47. Ke2 Rb8 48. Kd3 Rb4 49. c6 1-0

[Event "BL 0304 SC Kreuzberg - Solinger SG"]
[Site "?"]
[Date "2004.03.08"]
[Round "11.8"]
[White "Loeffler, Stefan"]
[Black "Schaefer, Markus"]
[Result "1/2-1/2"]
[WhiteElo "2413"]
[BlackElo "2374"]
[PlyCount "49"]
[EventDate "2004.??.??"]

1. d4 Nf6 2. c4 g6 3. Nc3 Bg7 4. e4 d6 5. Be2 O-O 6. Bg5 Na6 7. Nf3 Qe8 8. O-O
e5 9. Bxf6 Bxf6 10. c5 Nb8 11. cxd6 cxd6 12. Rc1 Nc6 13. Nb5 Qe7 14. d5 Nd4 15.
Nfxd4 exd4 16. Qd3 Bd7 17. Nxd4 Rac8 18. Rc3 Rfe8 19. Bf3 Qd8 20. Rb3 Qc7 21.
Nb5 Qc5 22. Nc3 Rc7 23. Nb5 Rcc8 24. Nc3 Rc7 25. Nb5 1/2-1/2

[Event "BL 0304 SFR Neukölln - SV Wattenscheid"]
[Site "?"]
[Date "2004.03.08"]
[Round "11.1"]
[White "Nielsen, Peter-Heine"]
[Black "Rogozenko, Dorian"]
[Result "1-0"]
[WhiteElo "2626"]
[BlackElo "2517"]
[PlyCount "61"]
[EventDate "2004.??.??"]

1. d4 d5 2. c4 c6 3. Nc3 Nf6 4. e3 e6 5. Nf3 Nbd7 6. Qc2 Bd6 7. g4 Bb4 8. Bd2
Qe7 9. Rg1 Bxc3 10. Bxc3 Ne4 11. O-O-O Nxc3 12. Qxc3 O-O 13. Qc2 e5 14. cxd5
cxd5 15. dxe5 Nxe5 16. Nxe5 Qxe5 17. Kb1 f5 18. Rxd5 Qxh2 19. Bc4 Be6 20. Rdd1
Bxc4 21. Qxc4+ Kh8 22. gxf5 Qxf2 23. Rxg7 Qxf5+ 24. e4 Qe5 25. Rxb7 Rab8 26.
Rdd7 Rxb7 27. Rxb7 a6 28. a3 Re8 29. Ka1 Re7 30. Qc8+ Kg7 31. Qe8 1-0

[Event "BL 0304 SFR Neukölln - SV Wattenscheid"]
[Site "?"]
[Date "2004.03.08"]
[Round "11.2"]
[White "Stohl, Igor Dr"]
[Black "Johannessen, Leif Erlend"]
[Result "1/2-1/2"]
[WhiteElo "2556"]
[BlackElo "2495"]
[PlyCount "40"]
[EventDate "2004.??.??"]

1. Nf3 d5 2. g3 Nf6 3. Bg2 e6 4. c4 Be7 5. d4 O-O 6. O-O Nbd7 7. Qc2 c6 8. b3
b6 9. Rd1 Ba6 10. Nbd2 c5 11. e4 dxc4 12. Nxc4 cxd4 13. Nxd4 Rc8 14. e5 Nd5 15.
Qb2 Bxc4 16. bxc4 Rxc4 17. Bxd5 exd5 18. Nf5 Rb4 19. Qc2 Rc4 20. Qb2 Rb4
1/2-1/2

[Event "BL 0304 SFR Neukölln - SV Wattenscheid"]
[Site "?"]
[Date "2004.03.08"]
[Round "11.3"]
[White "Appel, Ralf"]
[Black "Berndt, Stephan"]
[Result "1/2-1/2"]
[WhiteElo "2513"]
[BlackElo "2462"]
[PlyCount "32"]
[EventDate "2004.??.??"]

1. Nf3 Nf6 2. c4 b6 3. d4 e6 4. g3 Ba6 5. Qc2 c5 6. Bg2 Nc6 7. dxc5 Bxc5 8. O-O
Rc8 9. Qa4 Bb7 10. Nc3 O-O 11. Bf4 d5 12. Rad1 Qe7 13. cxd5 Nxd5 14. Nxd5 exd5
15. e3 Rfd8 16. h4 Na5 1/2-1/2

[Event "BL 0304 SFR Neukölln - SV Wattenscheid"]
[Site "?"]
[Date "2004.03.08"]
[Round "11.4"]
[White "Polzin, Rainer"]
[Black "Holzke, Frank Dr"]
[Result "1/2-1/2"]
[WhiteElo "2489"]
[BlackElo "2471"]
[PlyCount "136"]
[EventDate "2004.??.??"]

1. e4 e5 2. Nf3 Nc6 3. Bb5 a6 4. Ba4 Nf6 5. O-O Nxe4 6. d4 b5 7. Bb3 d5 8. dxe5
Be6 9. Nbd2 Nc5 10. c3 Bg4 11. Bc2 Be7 12. Re1 O-O 13. Nf1 Re8 14. Ne3 Nxe5 15.
Bxh7+ Kxh7 16. Qc2+ Kg8 17. Nxe5 Bh5 18. Qf5 Bf6 19. Nc6 Qd6 20. Qxh5 Qxc6 21.
Rd1 Rad8 22. Ng4 Ne4 23. Be3 g6 24. Nxf6+ Nxf6 25. Qf3 Qe6 26. Qg3 c5 27. Qh4
Qf5 28. Bxc5 Re4 29. Qh3 Qxh3 30. gxh3 Nh5 31. Be3 Nf4 32. Bxf4 Rxf4 33. Rd3 b4
34. cxb4 Rxb4 35. b3 Re4 36. Kf1 Kg7 37. Re1 Rxe1+ 38. Kxe1 Kf6 39. Kd2 Ke5 40.
Re3+ Kd6 41. Rf3 Ke6 42. Rf4 Rh8 43. h4 f6 44. Ra4 Ke5 45. Ke3 g5 46. h3 Rc8
47. hxg5 fxg5 48. Rg4 Kf5 49. Rg3 Rc2 50. a4 Rb2 51. Kd4 Ke6 52. Rxg5 Rxb3 53.
Re5+ Kf6 54. Kxd5 Rxh3 55. Re6+ Kf7 56. Rxa6 Rf3 57. a5 Rxf2 58. Ra8 Rf5+ 59.
Kc6 Kg7 60. Ra7+ Kg6 61. a6 Rf6+ 62. Kd5 Rf5+ 63. Ke4 Rf6 64. Ra8 Kg7 65. Ke5
Rb6 66. Kd5 Rf6 67. Kc5 Rf5+ 68. Kb4 Rf4+ 1/2-1/2

[Event "BL 0304 SFR Neukölln - SV Wattenscheid"]
[Site "?"]
[Date "2004.03.08"]
[Round "11.5"]
[White "Dinstuhl, Volkmar Dr"]
[Black "Borriss, Martin Dr"]
[Result "1/2-1/2"]
[WhiteElo "2439"]
[BlackElo "2445"]
[PlyCount "100"]
[EventDate "2004.??.??"]

1. d4 Nf6 2. c4 g6 3. Nc3 Bg7 4. e4 d6 5. Nf3 O-O 6. Be2 e5 7. O-O Nc6 8. d5
Ne7 9. Nd2 Nd7 10. a3 f5 11. b4 Kh8 12. Bb2 Ng8 13. Qc2 Ngf6 14. Bd3 fxe4 15.
Ncxe4 Nxe4 16. Nxe4 Nf6 17. Nxf6 Rxf6 18. Be4 Bf5 19. Rae1 Qd7 20. Bxf5 Rxf5
21. Re4 Raf8 22. Bc1 Bf6 23. Be3 h5 24. Qd2 Kh7 25. Rc1 Qd8 26. c5 Bg5 27. Bxg5
Rxg5 28. Rec4 Rgf5 29. cxd6 cxd6 30. f3 Rf4 31. Qe3 Rxc4 32. Rxc4 a6 33. f4
Rxf4 34. Rxf4 exf4 35. Qxf4 Kg7 36. h3 Qf6 37. Qc4 Kh6 38. Qc1+ g5 39. Qd1 Qf4
40. Qa1 Kg6 41. Qc3 g4 42. hxg4 hxg4 43. Qc8 Qe3+ 44. Kf1 Qd3+ 45. Kg1 Qd4+ 46.
Kf1 Kg5 47. Qxb7 Qd1+ 48. Kf2 Qd2+ 49. Kf1 Qd1+ 50. Kf2 Qd2+ 1/2-1/2

[Event "BL 0304 SFR Neukölln - SV Wattenscheid"]
[Site "?"]
[Date "2004.03.08"]
[Round "11.6"]
[White "Thiede, Lars"]
[Black "Ellers, Holger"]
[Result "0-1"]
[WhiteElo "2440"]
[BlackElo "2402"]
[PlyCount "126"]
[EventDate "2004.??.??"]

1. g3 d5 2. Bg2 g6 3. Nf3 Bg7 4. O-O Nf6 5. b3 O-O 6. Bb2 c5 7. c4 d4 8. b4
Nfd7 9. d3 Nc6 10. bxc5 Nxc5 11. Ba3 Qa5 12. Nfd2 Na4 13. Nb3 Qh5 14. Qc2 Bh3
15. Bxh3 Qxh3 16. N3d2 Nb6 17. Nf3 Nd7 18. Nbd2 Rab8 19. Rfb1 Rfe8 20. Rb5 a6
21. Rb2 Rec8 22. Rab1 b6 23. Qa4 Ra8 24. Qd1 Rab8 25. Qb3 Bh6 26. Ne4 Qf5 27.
Qd1 Qa5 28. Rb3 Bg7 29. Qd2 Qf5 30. Kg2 h6 31. Qd1 Qe6 32. Ned2 f5 33. R3b2 g5
34. h3 Kh7 35. Rc2 Qg6 36. Rcb2 Bf6 37. Qc2 h5 38. Rh1 b5 39. Rhb1 h4 40. Ng1
g4 41. hxg4 Qxg4 42. Ngf3 hxg3 43. Rh1+ Kg7 44. Rbb1 Nce5 45. Rbg1 Rh8 46. cxb5
Rxh1 47. Rxh1 gxf2+ 48. Kxf2 Qf4 49. Rg1+ Ng4+ 50. Ke1 Rxb5 51. Bc1 Nde5 52.
Kd1 Nxf3 53. Nxf3 Qd6 54. Qd2 Kf7 55. Qc2 Qb4 56. Qc4+ Qxc4 57. dxc4 Rc5 58.
Bg5 Rxc4 59. Kd2 Ra4 60. Ra1 e5 61. a3 e4 62. Bxf6 Kxf6 63. Ne1 Ne3 0-1

[Event "BL 0304 SFR Neukölln - SV Wattenscheid"]
[Site "?"]
[Date "2004.03.08"]
[Round "11.7"]
[White "Straeter, Timo"]
[Black "Schwarz, Michael"]
[Result "1-0"]
[WhiteElo "2335"]
[BlackElo "2409"]
[PlyCount "175"]
[EventDate "2004.??.??"]

1. d4 g6 2. c4 Nf6 3. Nc3 d5 4. cxd5 Nxd5 5. Na4 Bg7 6. e4 Nb4 7. a3 N4a6 8.
Be3 O-O 9. Qd2 e5 10. d5 f5 11. exf5 gxf5 12. Bg5 Qd6 13. Nc3 Nd7 14. Bc4 Kh8
15. Nge2 c6 16. dxc6 Qxd2+ 17. Bxd2 bxc6 18. O-O-O Nb6 19. Ba2 f4 20. Ne4 Nd5
21. N2c3 Be6 22. Rhe1 Bg8 23. Kb1 Nac7 24. Nc5 Rad8 25. Nb7 Rb8 26. Nd6 Rfd8
27. Nxd5 Nxd5 28. Ne4 h6 29. Ba5 Rdc8 30. Ka1 Rb5 31. Bd2 Rd8 32. a4 Rbb8 33.
Ba5 Rf8 34. Nc3 Nb4 35. Bxb4 Rxb4 36. Bxg8 Kxg8 37. Re4 Rd4 38. Kb1 Rf5 39. f3
Rg5 40. Re2 Rh5 41. h3 Rf5 42. Kc2 Rf7 43. Red2 c5 44. b3 a6 45. Ne4 c4 46. b4
Rb7 47. Kc3 Bf8 48. Nc5 Bxc5 49. bxc5 Rb3+ 50. Kc2 Rxd2+ 51. Rxd2 Kf7 52. Rd6
Ke7 53. Rxh6 Ra3 54. Rg6 Rxa4 55. Kc3 Kf7 56. Rg5 Ke6 57. c6 Kd6 58. Rg6+ Kc7
59. h4 a5 60. h5 Ra1 61. Kxc4 a4 62. Kb4 a3 63. Kb3 Kb6 64. h6 Kc7 65. h7 Rh1
66. Kxa3 Rxh7 67. Kb4 Re7 68. Kc5 e4 69. fxe4 Rxe4 70. Rg7+ Kc8 71. Kd6 Rd4+
72. Ke5 Rc4 73. Rg4 Rxc6 74. Rxf4 Kd7 75. Kf5 Ke7 76. Kg5 Rc8 77. Kh6 Rc6+ 78.
Kg7 Re6 79. g4 Re5 80. Rf5 Re4 81. g5 Ke6 82. Rf6+ Ke7 83. g6 Rg4 84. Rf3 Rb4
85. Kg8 Rg4 86. g7 Re4 87. Rh3 Kf6 88. Kh8 1-0

[Event "BL 0304 SFR Neukölln - SV Wattenscheid"]
[Site "?"]
[Date "2004.03.08"]
[Round "11.8"]
[White "Rudolf, Henrik"]
[Black "Thiel, Thomas"]
[Result "1-0"]
[WhiteElo "2316"]
[BlackElo "2303"]
[PlyCount "71"]
[EventDate "2004.??.??"]

1. e4 Nf6 2. e5 Nd5 3. d4 d6 4. c4 Nb6 5. exd6 exd6 6. Nc3 Be7 7. Nf3 O-O 8.
Be2 c5 9. a4 cxd4 10. Nxd4 d5 11. Bf3 Bb4 12. O-O Bxc3 13. bxc3 Nxc4 14. Bf4
Nc6 15. Re1 Qf6 16. Bxd5 Qxf4 17. Re4 Qf6 18. Bxc4 Bd7 19. Qd2 Rad8 20. Rd1 Ne5
21. Bb5 Bxb5 22. axb5 a6 23. Qe2 Ng6 24. g3 axb5 25. Qxb5 Rc8 26. Re3 Qa6 27.
Qf5 Qa3 28. Qf3 Rfe8 29. Qxb7 Qa4 30. Rde1 Red8 31. h4 h6 32. h5 Nf8 33. Nf5
Rc5 34. Qf3 Qc4 35. Re8 Rcc8 36. Ne7+ 1-0

[Event "BL 0304 Hamburger SK - SF Katernberg"]
[Site "?"]
[Date "2004.03.07"]
[Round "11.2"]
[White "Kempinski, Robert"]
[Black "Senff, Martin"]
[Result "1/2-1/2"]
[WhiteElo "2561"]
[BlackElo "2446"]
[PlyCount "61"]
[EventDate "2004.??.??"]

1. d4 d5 2. c4 e6 3. Nc3 Be7 4. Nf3 Nf6 5. Bf4 O-O 6. e3 Nbd7 7. Be2 dxc4 8.
Bxc4 a6 9. a4 c5 10. O-O cxd4 11. Qxd4 Nb6 12. Bb3 Qxd4 13. Nxd4 Bd7 14. a5
Nbd5 15. Nxd5 Nxd5 16. Be5 Rac8 17. Rfd1 Rfd8 18. Nf5 exf5 19. Bxd5 Bc6 20.
Bxc6 Rxc6 21. g3 f6 22. Bc3 Rxd1+ 23. Rxd1 Rd6 24. Ra1 Kf7 25. Ra4 g6 26. Kg2
Rd5 27. Rc4 Ke6 28. h3 h5 29. e4 fxe4 30. Rxe4+ Kd7 31. Kf3 1/2-1/2

[Event "BL 0304 Hamburger SK - SF Katernberg"]
[Site "?"]
[Date "2004.03.07"]
[Round "11.3"]
[White "L'Ami, Erwin"]
[Black "Hansen, Sune Berg"]
[Result "1/2-1/2"]
[WhiteElo "2470"]
[BlackElo "2551"]
[PlyCount "28"]
[EventDate "2004.??.??"]

1. d4 Nf6 2. c4 e6 3. Nc3 Bb4 4. Qc2 c5 5. dxc5 O-O 6. Nf3 Na6 7. a3 Bxc3+ 8.
Qxc3 Nxc5 9. e3 b6 10. b4 Nce4 11. Qb3 Bb7 12. Be2 d5 13. Bb2 Rc8 14. O-O dxc4
1/2-1/2

[Event "BL 0304 Hamburger SK - SF Katernberg"]
[Site "?"]
[Date "2004.03.07"]
[Round "11.5"]
[White "Thesing, Matthias"]
[Black "Bezold, Michael"]
[Result "0-1"]
[WhiteElo "2437"]
[BlackElo "2456"]
[PlyCount "42"]
[EventDate "2004.??.??"]

1. e4 d6 2. d4 Nf6 3. Nc3 Nbd7 4. Nf3 e5 5. Bc4 Be7 6. O-O O-O 7. Re1 a6 8. a4
b6 9. b3 Bb7 10. Bb2 c6 11. Bd3 g6 12. Qd2 Re8 13. Rad1 Bf8 14. Qc1 Qc7 15. h3
b5 16. axb5 cxb5 17. d5 Nc5 18. Qa1 Bg7 19. Bc1 b4 20. Na4 Nxd5 21. Bc4 Nxa4
0-1

[Event "BL 0304 Hamburger SK - SF Katernberg"]
[Site "?"]
[Date "2004.03.07"]
[Round "11.6"]
[White "Berg, Emanuel"]
[Black "Scholz, Christian"]
[Result "1-0"]
[WhiteElo "2489"]
[BlackElo "2392"]
[PlyCount "79"]
[EventDate "2004.??.??"]

1. e4 c5 2. Nf3 d6 3. d4 cxd4 4. Nxd4 Nf6 5. Nc3 a6 6. Be3 e5 7. Nb3 Be6 8. f3
Be7 9. Qd2 O-O 10. O-O-O Qc7 11. g4 Rc8 12. g5 Nh5 13. Kb1 Nd7 14. Nd5 Bxd5 15.
exd5 g6 16. Bh3 a5 17. Nc1 Rcb8 18. Bg4 Nb6 19. Bxb6 Qxb6 20. Bxh5 gxh5 21. f4
exf4 22. Qxf4 Bf8 23. Rhf1 Qc7 24. Ne2 Bg7 25. Ng3 Rc8 26. c3 Be5 27. Qf3 Ra6
28. Nxh5 Rb6 29. Rd3 a4 30. Nf6+ Kg7 31. Qh3 h5 32. Nxh5+ Kf8 33. Rxf7+ Qxf7
34. Qxc8+ Ke7 35. Qc7+ Ke8 36. Nf6+ Bxf6 37. Qc8+ Ke7 38. gxf6+ Qxf6 39. Re3+
Kf7 40. Qe8+ 1-0